000 00568nam a2200217Ia 4500
003 OSt
005 20230607182500.0
008 210423s2008 xx 000 0 und d
040 _cAL
041 _aeng
082 _a361.3072
_223
_bDASR
100 _aDAS (D K)
_9115971
245 _aResearch methods for social work
260 _aJaipur
_bRawat Publications
_c2008
300 _bHB
365 _b540
_cINR
650 _aSocial Problems & Services
_9115972
650 _aSocial Work
_9115973
906 _amethods ; Research ; social ; work
942 _2ddc
_cBK
999 _c175381
_d175381